000
00377cam a2200169ua 4500
020
_c
1.00
041
_a
hin
_h
082
_a
891.54
_b
PRE/GU
100
_a
Premchand, .
245
_a
Gulli-Janda aur anya kahaniyam
260
_a
Ilahabad :
_b
Hans Prakashan ,
_c
1961.
300
_a
100 ; .
365
_a
1.00
504
_a
942
_c
BK
999
_c
11867
_d
11867